LEADER 01260nam--2200397---450- 001 990000417360203316 005 20090506094029.0 035 $a0041736 035 $aUSA010041736 035 $a(ALEPH)000041736USA01 035 $a0041736 100 $a20010426d1984----km-y0itay0103----ba 101 $apor 102 $aPT 105 $a||||||||001yy 200 1 $a<>visita em Portugal em 1866$fHans Christian Andersen$gtraduçao e notas de Silva Duarte 205 $a2.ed. 210 $aLisboa$cMinistéerio da Educaçao, Instituto de Cultura e Língua Portuguesa$d1984 215 $a134 p.$d24 cm 676 $a839.813 700 1$aANDERSEN,$bHans Christian$0164203 801 0$aIT$bsalbc$gISBD 912 $a990000417360203316 951 $aII.6.B.90$b430 DSLL 959 $aBK 969 $aDSLL 979 $aANGELA$b90$c20010426$lUSA01$h1307 979 $aANGELA$b90$c20010426$lUSA01$h1353 979 $aANGELA$b90$c20010426$lUSA01$h1355 979 $aANGELA$b90$c20010426$lUSA01$h1400 979 $aANGELA$b90$c20020311$lUSA01$h1110 979 $c20020403$lUSA01$h1650 979 $aPATRY$b90$c20040406$lUSA01$h1629 979 $aDSLL$b90$c20090506$lUSA01$h0940 996 $aVisita em Portugal em 1866$9873453 997 $aUNISA LEADER 01320nam a2200313|i 4500 001 991003959229707536 005 20030107144334.0 008 011210s2001 it u u itauu 035 $ab1188826x-39ule_inst 035 $aEXGIL150251$9ExL 040 $aBiblioteca Interfacoltà$bita 082 0 $a018.137 110 2 $aBiblioteca provinciale$c$091834 245 10$aCatalogo del fondo multimediale /$cProvincia di Campobasso, Biblioteca provinciale Pasquale Albino ; a cura di Angela Dalicco, Miriam Palange, Mariano Perrella ; coordinamento scientifico di Vincenzo Lombardi 260 $aCampobasso :$bBiblioteca provinciale "P. Albino",$c2001 300 $a53 p. ;$c21 cm. 440 2$aI piccoli cataloghi della biblioteca provinciale "P. Albino" ;$v2 650 4$aPubblicazioni elettroniche$xCataloghi 700 1 $aDalicco, Angela 700 1 $aPalange, Miriam 700 1 $aPerrella, Mariano 700 1 $aLombardi, Vincenzo 907 $a.b1188826x$b02-04-14$c07-01-03 912 $a991003959229707536 945 $aLE002 SB 018.137 IT CB 945 $aLE002 Bibl. Cat. 178$g1$i2002000015730$lle002$o-$pE0.00$q-$rn$so $t0$u0$v0$w0$x0$y.i12145142$z07-01-03 996 $aCatalogo del fondo multimediale$9902359 997 $aUNISALENTO 998 $ale002$b01-01-02$cm$da $e-$fita$git $h0$i1